| 000 | 01298cam a2200289 4500 | ||
|---|---|---|---|
| 001 | ABS63569 | ||
| 008 | 000000n2001 000 0 eng u | ||
| 035 | _a(Sirsi) u111159 | ||
| 100 | _aLandau, P. | ||
| 245 | _aSomething in the air - monitoring standards | ||
| 260 | _c2001 | ||
| 490 |
_aEnvironment Information Bulletin _v(106) February 2001, 10-13(4) |
||
| 520 | _aExamines some new EU Directives, development of standards for emissions monitoring and their role in effective monitoring. Discusses the European standards body - European Committee for Normalisation (CEN) work in developing standards to cover ambient air emissions. The first of two tables lists the main air monitoring standards in the UK. The second table shows the standards for ambient air monitoring. Finally looks at the growth in Europe of compulsory accreditation to standards for monitoring services. | ||
| 590 | _aABS | ||
| 650 | _aAIR MONITORING | ||
| 650 | _aCEN | ||
| 650 | _aACCREDITATION | ||
| 650 | _aQUALITY ASSURANCE | ||
| 650 | _aUNITED KINGDOM | ||
| 650 | _aEUROPE | ||
| 650 | _aEU DIRECTIVES | ||
| 650 | _aHAZARDOUS WASTE INCINERATION DIRECTIVE | ||
| 650 | _aSTANDARDS | ||
| 650 | _aDEVELOPMENT | ||
| 690 | _aENVIRONMENTAL AND LAND CONSULTANCY-ENVIRONMENTAL MANAGEMENT | ||
| 942 | _n0 | ||
| 999 |
_c66223 _d66223 |
||